000 00702nam a22002057a 4500
999 _c11699
_d11699
003 AR-CdUCM
008 190404b ||||| |||| 00| 0 spa d
040 _aMUNICIPALIDAD PROVINCIAL DEL CUSCO
_cBIBLIOTECA MUNICIPAL DEL CUSCO
082 _22ed
_a869.5 /
_bS21 / 1943
100 _aSanchez, Luis Alberto
_91008
245 _aLas literaturas americanas I :
_bLa literatura del Perú /
260 _aBuenos Aires :
_bImprenta de la Universidad,
_c1943.
300 _a191 páginas ;
_c18 cm.
505 _aContenido: Literatura peruana.
650 _aLiteratura peruana
_9169
650 _aNovelas peruanas
_9545
650 _aPaisaje peruano
_929193
942 _2ddc
_cLIBROS
945 _adavv
_d04/04/2019